Сучасний Львів (Запис № 306519)
[ простий вигляд ]
| 000 -Лідер | |
|---|---|
| fixed length control field | 00810nam a22002657a 4500 |
| 001 - Контрольний номер | |
| control field | 20342 |
| 003 - Ідентифікатор контрольного номера | |
| control field | UA-OsUOA |
| 005 - Дата та час останнього входження (трансакції) | |
| control field | 20260428110457.0 |
| 007 - Фіксоване поле фізичного опису | |
| fixed length control field | ta |
| 008 - Елементи даних фіксованої довжини – загальна інформація | |
| fixed length control field | 20031027b un ||||| |||| 00| 0 ukr d |
| 040 ## - Джерело каталогізації | |
| Агенція оригінальної каталогізації | UA-OsUOA |
| Мова каталогізації | ukr |
| Агенція, яка здійснювала перезапис | UA-OsUOA |
| Агенція, яка здійснювала модифікацію | UA-OsUOA |
| 041 ## - Код мови | |
| Код мови тексту/ звукової доріжки чи окремого заголовка (П) | ukr |
| 044 ## - Код країни видавця/ виробника | |
| Код країни видавця/ виробника (П) | UA |
| 080 ## - Індекс Універсальної десяткової класифікації | |
| Індекс Універсальної десяткової класифікації (УДК) (НП) | 94(477) |
| 090 ## - Локальний шифр розміщення | |
| Класифікаційний індекс УДК | 94(477) |
| Авторський знак (НП) | С79 |
| 100 ## - Основне введення – ім’я особи | |
| Ім’я особи (НП) | Степанів О. |
| 9 (RLIN) | 25106 |
| 245 ## - Відомості про назву | |
| Назва (НП) | Сучасний Львів |
| Решта назви (НП) | в 700 ліття заснування міста Львова |
| Дані про відповідальність (НП) | О. Степанів |
| 250 ## - Відомості про видання (редакцію) | |
| Відомості про видання (редакцію) (НП) | вид. 2, доп. |
| 260 ## - Публікація, розповсюдження і т.п. (Вихідні дані) | |
| Місце публікації, розповсюдження і т.п. (П) | Нью-Йорк |
| Ім’я/ наймення видавництва, розповсюджувача і т.п. (П) | Говерля |
| Дата публікації, розповсюдження і т.п. (П) | 1953 |
| 300 ## - Фізичний опис | |
| Обсяг | 168 с. |
| 650 #7 - Додаткове предметне введення – тематичний термін | |
| Джерело заголовка чи терміна | UDC |
| Тематичний термін чи географічна назва, як елемент введення (НП) | 94(477) Історія України |
| 9 (RLIN) | 1446 |
| 942 ## - Додаткові елементи входу (Коха) | |
| Тип елемента Koha | Книги |
| Source of classification or shelving scheme | Universal Decimal Classification |
| 955 ## - Код типу видання за змістом | |
| Код типу видання за змістом (НП) | інше |
| Стан вилучень | Стан втрат | Джерело класифікації або схеми стелажів | Стан уражень | Не для кредиту | Постійне місце розташування | Поточне розміщення | Дата придбання | Інвентарний номер | Усього замовленно | Повний номер виклику | Штрих-код | Дата останнього перегляду | Ціна ефективна від | Тип елемента Koha | Вартість, звичайна ціна покупки | Джерело придбання | Код колекції | Вартість, ціна заміни | Примітка, призначена для загального доступу |
|---|---|---|---|---|---|---|---|---|---|---|---|---|---|---|---|---|---|---|---|
| Withdrawn | Universal Decimal Classification | АБ - Абонемент НБ | АБ - Абонемент НБ | 27/10/2003 | 50927 | 947(477) С79 | 50927 | 13/07/2019 | 27/10/2003 | Книги | |||||||||
| Universal Decimal Classification | Наукова бібліотека ІДУД | Наукова бібліотека ІДУД | 31/05/2012 | 2133464 | 908 С79 | 2133464 | 14/09/2019 | 31/05/2012 | Книги | 1.00 | 275/2012 | ||||||||
| Universal Decimal Classification | Наукова бібліотека ІДУД | Наукова бібліотека ІДУД | 25/06/2007 | 2127055 | 94(477) С79 | 2127055 | 15/09/2019 | 25/06/2007 | Книги | 1.00 | 14/2006 | ||||||||
| Universal Decimal Classification | Наукова бібліотека ІДУД | Наукова бібліотека ІДУД | 25/06/2007 | 2127056 | 94(477) С79 | 2127056 | 15/09/2019 | 25/06/2007 | Книги | 1.00 | 17/2006 | ||||||||
| Universal Decimal Classification | Наукова бібліотека ІДУД | Наукова бібліотека ІДУД | 25/06/2007 | 2127057 | 94(477) С79 | 2127057 | 15/09/2019 | 25/06/2007 | Книги | 1.00 | 3/2006 | ||||||||
| Universal Decimal Classification | Наукова бібліотека ІДУД | Наукова бібліотека ІДУД | 23/04/2026 | 300745 | 947(477) С79 | 300745 | 23/04/2026 | 23/04/2026 | Книги | 1.00 | №10/22.04.2026 (ІДУД) | Колекція др. Константина Бризгуна (Оксани і Ярослава Соколиків) | 1.00 | Отримано в дар від Оксани Бризгун-Соколик ; містить екслібрис "Соколиків" | |||||
| Universal Decimal Classification | ЧЗ - Читальна зала | ЧЗ - Читальна зала | 08/11/2004 | 73607 | 947(477) С79 | 73607 | 07/02/2022 | 08/11/2004 | Книги | 7.00 | |||||||||
| Universal Decimal Classification | ЧЗ - Читальна зала | ЧЗ - Читальна зала | 18/10/2005 | 72237 | 947(477) С89 | 72237 | 07/02/2022 | 18/10/2005 | Книги |